000 00858nam a2200277 i 4500
001 bg
100 1 _aHENDRIKSEN, Eldon A.
245 1 0 _aTeoria rachunkowości /
_cEldon A. Hendriksen, Michael F. van Breda.
246 _iTyt. oryg.:
_aAccounting theory
260 _aWarszawa :
_bWydaw. Naukowe PWN,
_c2002.
300 _a893, [1] s. ;
_c24 cm.
490 1 _aPrzedsiębiorczość
500 _aTyt. oryg.: "Accounting theory".
504 _aBibliogr. - Indeksy.
650 9 _aRachunkowość
_xteoria
700 1 _aVan BREDA, Michael F.
830 _aPrzedsiębiorczość
020 _a8301136235
040 _cBPK
041 1 _apl
_hen
080 _a657
920 _a83-01-13623-5
942 _cKS
008 s pl f |000 0 pol
999 _c41789
_d41789
856 _uhttp://koha.tu.koszalin.pl/cgi-bin/koha/opac-detail.pl?biblionumber=41789
_yKatalog online BPK